[Event "Rottach Egern Seniors Cup 12th"]
[Site "Rottach Egern"]
[Date "2024.04.10"]
[Round "5"]
[White "Horata, Hakan"]
[Black "Hartlieb, Juergen"]
[Result "1/2-1/2"]
[WhiteElo "1851"]
[BlackElo "1977"]
[PlyCount "87"]
[EventDate "2024.04.06"]
[EventType "swiss"]
[EventRounds "9"]
[EventCountry "GER"]
[SourceTitle "CB16_2024"]
[SourceDate "2024.04.17"]
[SourceVersion "1"]
[SourceVersionDate "2024.04.17"]
[SourceQuality "1"]

1. e4 c6 2. d4 d5 3. e5 c5 4. c3 Nc6 5. Na3 cxd4 6. cxd4 Qb6 7. Nc2 e6 8. a3 Nge7 9. Nf3 Bd7 10. Be2 Na5 11. 0-0 Ba4 12. Qd3 Ng6 13. g3 a6 14. b4 Bb5 15. Qd1 Bxe2 16. Qxe2 Nc4 17. h4 h6 18. h5 Ne7 19. Ne3 Rc8 20. Ra2 Qd8 21. Rc2 b5 22. Nd2 Nxe3 23. Rxc8 Nxc8 24. Qxe3 Nb6 25. f4 Be7 26. Nb3 Nc4 27. Qf3 0-0 28. Nc5 Bxc5 29. bxc5 f6 30. f5 fxe5 31. Qg4 Qf6 32. dxe5 Nxe5 33. Qe2 Nc6 34. Qxe6+ Qxe6 35. fxe6 Rxf1+ 36. Kxf1 Kf8 37. Bb2 d4 38. Ke2 Ke7 39. Kd3 Kxe6 40. Ke4 a5 41. g4 a4 42. Ba1 Kf7 43. Bb2 Ke6 44. Ba1 1/2-1/2

[Event "Rottach Egern Seniors Cup 11th"]
[Site "Rottach Egern"]
[Date "2023.04.18"]
[Round "4"]
[White "Hartlieb, Juergen"]
[Black "Hofene, Dieter"]
[Result "1-0"]
[WhiteElo "1925"]
[BlackElo "2069"]
[PlyCount "81"]
[EventDate "2023.04.15"]
[EventType "swiss"]
[EventRounds "9"]
[EventCountry "GER"]
[SourceTitle "EXT 2024"]
[Source "ChessBase"]
[SourceDate "2023.10.10"]
[SourceVersion "1"]
[SourceVersionDate "2023.10.10"]
[SourceQuality "1"]

1. e4 e6 2. d4 d5 3. Bd3 c5 4. exd5 exd5 5. Nf3 Nf6 6. 0-0 c4 7. Re1+ Be7 8. Bf1 0-0 9. b3 Bg4 10. bxc4 dxc4 11. Rxe7 Nc6 12. Re1 Bxf3 13. gxf3 Qxd4 14. c3 Qh4 15. Qd6 Rfe8 16. Rxe8+ Rxe8 17. Qg3 Qh5 18. Nd2 b5 19. a4 b4 20. cxb4 c3 21. Nc4 Nd4 22. Kg2 Nf5 23. Qg4 Nh4+ 24. Kg3 Nf5+ 25. Kg2 Nh4+ 26. Kh1 Nxf3 27. Be3 g5 28. Qg3 g4 29. Be2 Ne4 30. Qg2 Neg5 31. Rc1 f5 32. Nd6 Rd8 33. Nxf5 c2 34. Rxc2 Ne1 35. Qb7 Nf7 36. Rc5 Qh3 37. Bc4 Qf3+ 38. Qxf3 Nxf3 39. Bd5 Kf8 40. Bxf3 gxf3 41. Nd4 1-0

[Event "Niederbayernliga 1516"]
[Site "Bayern"]
[Date "2016.02.21"]
[Round "7.7"]
[White "Hartlieb, Juergen"]
[Black "Lichtmannecker, Daniel"]
[Result "1/2-1/2"]
[WhiteElo "1656"]
[BlackElo "1731"]
[PlyCount "115"]
[EventDate "2015.10.11"]
[EventType "team-tourn"]
[EventRounds "9"]
[EventCountry "GER"]
[SourceTitle "EXT 2023"]
[Source "ChessBase"]
[SourceDate "2022.10.05"]
[SourceVersion "1"]
[SourceVersionDate "2022.10.05"]
[SourceQuality "1"]
[WhiteTeam "Rottal II"]
[BlackTeam "Ergolding"]
[WhiteTeamCountry "GER"]
[BlackTeamCountry "GER"]

1. e4 e6 2. d4 d5 3. Nd2 c5 4. exd5 exd5 5. Ngf3 Nf6 6. Be2 Bd6 7. 0-0 0-0 8. dxc5 Bxc5 9. Nb3 Bb6 10. Bg5 Be6 11. Nbd4 Nc6 12. c3 Rc8 13. Qd2 Ne4 14. Qe3 Nxg5 15. Nxg5 Nxd4 16. cxd4 Re8 17. Nxe6 Rxe6 18. Qd2 Rec6 19. Bd3 Qf6 20. Rad1 Re6 21. g4 Rce8 22. Kg2 g6 23. b3 Qxd4 24. h3 Qf6 25. Bb5 Rd8 26. Rfe1 Re4 27. Re2 a6 28. Bd3 Re6 29. Rde1 Rde8 30. Qc2 Rxe2 31. Rxe2 Rxe2 32. Qxe2 Qe6 33. Kf3 Qxe2+ 34. Kxe2 Kg7 35. f4 Kf6 36. Kf3 h6 37. h4 Bc5 38. Bc2 a5 39. Bd3 Ke6 40. Bb5 Be7 41. h5 g5 42. Bd3 gxf4 43. Kxf4 Bg5+ 44. Kf3 Ke5 45. Bf5 Kd4 46. Ke2 Kc3 47. Bc8 b5 48. Bd7 b4 49. Be8 f6 50. Bf7 d4 51. Bc4 Be3 52. Bb5 Kb2 53. Kd1 Kxa2 54. Kc2 Ka3 55. Ba4 Bf2 56. Bb5 d3+ 57. Bxd3 a4 58. Bc4 1/2-1/2

[Event "Niederbayernliga 1415"]
[Site "Bayern"]
[Date "2015.03.15"]
[Round "8.1"]
[White "Hartlieb, Juergen"]
[Black "Popp, Michael"]
[Result "0-1"]
[WhiteElo "1742"]
[BlackElo "1974"]
[PlyCount "52"]
[EventDate "2014.10.19"]
[EventType "team-tourn"]
[EventRounds "9"]
[EventCountry "GER"]
[SourceTitle "EXT 2023"]
[Source "ChessBase"]
[SourceDate "2022.10.05"]
[SourceVersion "1"]
[SourceVersionDate "2022.10.05"]
[SourceQuality "1"]
[WhiteTeam "Straubing JVA"]
[BlackTeam "Geiselhoering"]
[WhiteTeamCountry "GER"]
[BlackTeamCountry "GER"]

1. e4 c6 2. d4 g6 3. Nc3 Bg7 4. f4 d5 5. e5 h5 6. Nf3 Bg4 7. h3 Bxf3 8. Qxf3 e6 9. Be3 Qb6 10. 0-0-0 h4 11. g4 hxg3 12. Qxg3 Bf8 13. Be2 Nh6 14. Bg4 Be7 15. Bxe6 fxe6 16. Qxg6+ Kd7 17. Na4 Qd8 18. Nc5+ Bxc5 19. dxc5 Nf5 20. Bf2 Na6 21. c4 Nc7 22. cxd5 Nxd5 23. Rxd5+ cxd5 24. Rd1 Qg8 25. Rxd5+ exd5 26. Qxf5+ Qe6 0-1

[Event "Niederbayernliga 1415"]
[Site "Bayern"]
[Date "2014.11.23"]
[Round "3.8"]
[White "Hartlieb, Juergen"]
[Black "Schneidhuber, Albert"]
[Result "1-0"]
[WhiteElo "1742"]
[BlackElo "1402"]
[PlyCount "57"]
[EventDate "2014.10.19"]
[EventType "team-tourn"]
[EventRounds "9"]
[EventCountry "GER"]
[SourceTitle "EXT 2023"]
[Source "ChessBase"]
[SourceDate "2022.10.05"]
[SourceVersion "1"]
[SourceVersionDate "2022.10.05"]
[SourceQuality "1"]
[WhiteTeam "Rottal II"]
[BlackTeam "Schaibing"]
[WhiteTeamCountry "GER"]
[BlackTeamCountry "GER"]

1. e4 e5 2. Nf3 Nc6 3. Bb5 Nf6 4. 0-0 a6 5. Ba4 b5 6. Bb3 Be7 7. Re1 0-0 8. c3 d6 9. h3 Nh5 10. d4 Bf6 11. Nbd2 Nf4 12. Nf1 Bg5 13. Ng3 Qf6 14. Be3 Ne7 15. Bxf4 Bxf4 16. Nh5 Qg6 17. Nxf4 exf4 18. Kh2 Bb7 19. e5 Bd5 20. exd6 Qxd6 21. Qd3 Bxb3 22. axb3 Rfe8 23. Re2 c5 24. Rae1 Kf8 25. Kg1 g6 26. Qe4 Qd5 27. dxc5 Qxc5 28. Qxf4 Nd5 29. Qh6+ 1-0

[Event "Niederbayernliga 1415"]
[Site "Bayern"]
[Date "2014.11.09"]
[Round "2.1"]
[White "Hartlieb, Juergen"]
[Black "Simin, Vladimir"]
[Result "1/2-1/2"]
[WhiteElo "1742"]
[BlackElo "1883"]
[PlyCount "41"]
[EventDate "2014.10.19"]
[EventType "team-tourn"]
[EventRounds "9"]
[EventCountry "GER"]
[SourceTitle "EXT 2023"]
[Source "ChessBase"]
[SourceDate "2022.10.05"]
[SourceVersion "1"]
[SourceVersionDate "2022.10.05"]
[SourceQuality "1"]
[WhiteTeam "Straubing JVA"]
[BlackTeam "Ergolding"]
[WhiteTeamCountry "GER"]
[BlackTeamCountry "GER"]

1. c4 Nf6 2. Nc3 c5 3. Nf3 d5 4. cxd5 Nxd5 5. g3 Nc6 6. Bg2 Nc7 7. d3 e5 8. 0-0 Be7 9. Be3 Bd7 10. Re1 Rc8 11. Qd2 0-0 12. Ne4 b6 13. Bg5 f6 14. Be3 Ne6 15. Nc3 Ned4 16. Bxd4 exd4 17. Ne4 f5 18. Neg5 Bd6 19. e3 h6 20. Nh3 Qf6 21. e4 1/2-1/2

[Event "Niederbayernliga 1213"]
[Site "Bayern"]
[Date "2013.??.??"]
[Round "7"]
[White "Hartlieb, Juergen"]
[Black "Schoenbuchner, Gerhard"]
[Result "0-1"]
[WhiteElo "1742"]
[BlackElo "1764"]
[PlyCount "126"]
[EventDate "2012.10.14"]
[EventType "team-tourn"]
[EventRounds "9"]
[EventCountry "GER"]
[SourceTitle "EXT 2023"]
[Source "ChessBase"]
[SourceDate "2022.10.05"]
[SourceVersion "1"]
[SourceVersionDate "2022.10.05"]
[SourceQuality "1"]
[WhiteTeam "Rottal III"]
[BlackTeam "Aidenbach"]
[WhiteTeamCountry "GER"]
[BlackTeamCountry "GER"]

1. e4 e5 2. Nf3 Nc6 3. Bb5 d6 4. 0-0 Bg4 5. h3 Bh5 6. c3 Nf6 7. Re1 Be7 8. d3 0-0 9. Nbd2 a6 10. Ba4 b5 11. Bc2 Na5 12. Nf1 c6 13. Ng3 Bg6 14. d4 Qc7 15. Bg5 Rad8 16. Qe2 Nh5 17. Be3 Nc4 18. b3 Nxg3 19. fxg3 Nxe3 20. Qxe3 exd4 21. cxd4 Bf6 22. Rac1 Rfe8 23. Qf4 Qd7 24. e5 dxe5 25. dxe5 Be7 26. Bxg6 hxg6 27. Kh1 c5 28. e6 fxe6 29. Ne5 Bd6 30. Nxd7 Bxf4 31. gxf4 Rxd7 32. Rxc5 Rd2 33. a4 bxa4 34. bxa4 Rd4 35. Ra5 Rxf4 36. Rxa6 Kf7 37. a5 Re7 38. Kg1 Kf6 39. g3 Ra4 40. Re2 Kf5 41. Kg2 e5 42. Ra8 e4 43. a6 Ke5 44. Kf2 Rf7+ 45. Kg2 Rf6 46. a7 Re6 47. Kf2 Re7 48. Kg2 Raxa7 49. Rxa7 Rxa7 50. Kf2 g5 51. Kg2 Kd4 52. Kf2 Rf7+ 53. Ke1 e3 54. Rg2 Kd3 55. Ra2 Ke4 56. Rb2 Kf3 57. Rb5 g4 58. hxg4 Kxg4 59. Ke2 Re7 60. Rb3 Kxg3 61. Rxe3+ Rxe3+ 62. Kxe3 g5 63. Ke2 Kg2 0-1

[Event "Stuttgart-chA int"]
[Site "Ditzingen"]
[Date "2005.05.07"]
[Round "5"]
[White "Hartlieb, Juergen"]
[Black "Gerstenberger, Heinz"]
[Result "0-1"]
[WhiteElo "1985"]
[BlackElo "2139"]
[PlyCount "64"]
[EventDate "2005.05.05"]
[EventType "swiss"]
[EventRounds "7"]
[EventCountry "GER"]
[SourceTitle "EXT 2018"]
[Source "ChessBase"]
[SourceDate "2017.10.13"]
[SourceVersion "1"]
[SourceVersionDate "2017.10.13"]
[SourceQuality "1"]

1. e4 e6 2. d4 d5 3. Nd2 c5 4. exd5 exd5 5. Ngf3 Nf6 6. Be2 Nc6 7. dxc5 Bxc5 8. 0-0 0-0 9. Nb3 Bb6 10. Bg5 h6 11. Bh4 Re8 12. c3 Bg4 13. Re1 g5 14. Bg3 Ne4 15. Nfd4 Bxe2 16. Rxe2 Qf6 17. Qd3 Nxg3 18. Rxe8+ Rxe8 19. hxg3 Re4 20. Qf3 Qg6 21. Nxc6 bxc6 22. Rf1 Qe6 23. Nc1 Re1 24. Nd3 Re2 25. a4 a5 26. b4 Re4 27. bxa5 Ba7 28. Qd1 d4 29. cxd4 Rxd4 30. Qc2 Qe4 31. Qb3 Rxd3 32. Qb7 Rxg3 0-1

[Event "Stuttgart-chA int"]
[Site "Ditzingen"]
[Date "2005.05.07"]
[Round "6"]
[White "Kinzig, Lars"]
[Black "Hartlieb, Juergen"]
[Result "1/2-1/2"]
[WhiteElo "1897"]
[BlackElo "1985"]
[PlyCount "91"]
[EventDate "2005.05.05"]
[EventType "swiss"]
[EventRounds "7"]
[EventCountry "GER"]
[SourceTitle "EXT 2018"]
[Source "ChessBase"]
[SourceDate "2017.10.13"]
[SourceVersion "1"]
[SourceVersionDate "2017.10.13"]
[SourceQuality "1"]

1. c4 Nc6 2. Nc3 e5 3. g3 Nf6 4. Bg2 d6 5. d3 Be7 6. Nf3 0-0 7. 0-0 Bg4 8. h3 Be6 9. a3 a5 10. Rb1 h6 11. b4 axb4 12. axb4 Qc8 13. Kh2 Re8 14. b5 Nd4 15. e3 Nxf3+ 16. Qxf3 Rb8 17. Ra1 Nh7 18. g4 f5 19. gxf5 Bxf5 20. e4 Be6 21. Qg3 Kh8 22. f4 exf4 23. Bxf4 Bf6 24. Rac1 g5 25. Bxg5 Bxg5 26. Rc2 Rf8 27. Rcf2 Rxf2 28. Rxf2 Qg8 29. e5 Rf8 30. exd6 cxd6 31. Bxb7 Rxf2+ 32. Qxf2 Qg7 33. Ne4 Qxb7 34. h4 Be7 35. Qd4+ Kg8 36. Nxd6 Qd7 37. Qg1+ Bg4 38. Ne4 h5 39. Qb6 Qf5 40. Qb8+ Nf8 41. Qg3 Ng6 42. b6 Bxh4 43. Qb8+ Nf8 44. Qd6 Qf1 45. Qd5+ Be6 46. Qxh5 1/2-1/2

[Event "Stuttgart-chA int"]
[Site "Ditzingen"]
[Date "2005.05.05"]
[Round "1"]
[White "Hartlieb, Juergen"]
[Black "Eisele, Steffen"]
[Result "0-1"]
[WhiteElo "1985"]
[BlackElo "2214"]
[PlyCount "46"]
[EventDate "2005.05.05"]
[EventType "swiss"]
[EventRounds "7"]
[EventCountry "GER"]
[SourceTitle "EXT 2018"]
[Source "ChessBase"]
[SourceDate "2017.10.13"]
[SourceVersion "1"]
[SourceVersionDate "2017.10.13"]
[SourceQuality "1"]

1. e4 g6 2. d4 Bg7 3. Nc3 d6 4. f4 c6 5. Nf3 Bg4 6. Be2 Qb6 7. e5 Nd7 8. exd6 exd6 9. Ne4 Bxf3 10. Nxd6+ Ke7 11. Nc4 Qb4+ 12. Bd2 Qxc4 13. Bxc4 Bxd1 14. Rxd1 Bxd4 15. Bb4+ c5 16. Rxd4 cxb4 17. 0-0 Ngf6 18. Re1+ Kf8 19. Bb5 Nc5 20. Re5 Ne6 21. Rxb4 Rd8 22. Bd3 b6 23. f5 Nc5 0-1

[Event "Neckar op-B 9th"]
[Site "Deizisau"]
[Date "2005.03.25"]
[Round "3"]
[White "Hartlieb, Juergen"]
[Black "Titgemeyer, Thomas"]
[Result "0-1"]
[WhiteElo "1985"]
[BlackElo "1788"]
[PlyCount "48"]
[EventDate "2005.03.24"]
[EventType "swiss"]
[EventRounds "7"]
[EventCountry "GER"]
[SourceTitle "EXT 2006"]
[Source "ChessBase"]
[SourceDate "2005.11.24"]
[SourceVersion "1"]
[SourceVersionDate "2005.11.24"]
[SourceQuality "1"]

1. e4 c5 2. Nf3 d6 3. Bb5+ Bd7 4. Bxd7+ Qxd7 5. 0-0 Nf6 6. Qe2 e6 7. c3 Be7 8. d4 0-0 9. e5 dxe5 10. dxe5 Nd5 11. Rd1 Qc7 12. c4 Nb6 13. Nc3 a6 14. Bf4 Nc6 15. Ne4 Rad8 16. b3 Rxd1+ 17. Rxd1 Rd8 18. Bg5 Bxg5 19. Nexg5 h6 20. Rxd8+ Qxd8 21. Ne4 Nd4 22. Qe3 Nc2 23. Qc1 Nd4 24. Qe3 Nc2 0-1

[Event "Neckar op-B 7th"]
[Site "Deizisau"]
[Date "2003.04.20"]
[Round "7"]
[White "Hartlieb, Juergen"]
[Black "Beil, Thomas"]
[Result "1-0"]
[WhiteElo "1952"]
[BlackElo "1840"]
[PlyCount "75"]
[EventDate "2003.04.18"]
[EventType "swiss"]
[EventRounds "6"]
[EventCountry "GER"]
[SourceTitle "CBM 093 Extra"]
[Source "ChessBase"]
[SourceDate "2003.05.09"]
[SourceVersion "1"]
[SourceVersionDate "2003.05.09"]
[SourceQuality "1"]

1. e4 Nf6 2. e5 Nd5 3. g3 Nc6 4. Bg2 e6 5. d4 d6 6. exd6 Bxd6 7. c4 Nf6 8. Nf3 0-0 9. 0-0 Re8 10. Nc3 h6 11. Re1 Be7 12. a3 Nb8 13. Bf4 c6 14. b4 a6 15. Ne5 Nbd7 16. c5 g5 17. Bd2 Nd5 18. Nxf7 Kxf7 19. Qh5+ Kg7 20. Be4 Nf8 21. Nxd5 exd5 22. Bd3 Bd7 23. h4 Bf6 24. hxg5 hxg5 25. Re5 Rxe5 26. dxe5 Be8 27. exf6+ Qxf6 28. Qxg5+ Qxg5 29. Bxg5 Bh5 30. Re1 Re8 31. Re7+ Rxe7 32. Bxe7 Ne6 33. Bf5 Kf7 34. Bd6 Bf3 35. Be5 Ke7 36. Kf1 Bh5 37. g4 Be8 38. f4 1-0

[Event "Stuttgart-chA"]
[Site "Stuttgart"]
[Date "2003.??.??"]
[Round "?"]
[White "Hartlieb, Juergen"]
[Black "Braun, Matthias"]
[Result "1-0"]
[WhiteElo "1925"]
[BlackElo "2175"]
[PlyCount "53"]
[EventDate "2003.??.??"]
[EventType "swiss"]
[EventRounds "9"]
[EventCountry "GER"]
[SourceTitle "EXT 2007"]
[Source "ChessBase"]
[SourceDate "2006.11.23"]
[SourceVersion "1"]
[SourceVersionDate "2006.11.23"]
[SourceQuality "1"]

1. e4 e6 2. d4 d5 3. Nc3 Bb4 4. Nge2 dxe4 5. a3 Be7 6. Nxe4 Nf6 7. N2g3 Nc6 8. c3 Bd7 9. Bd3 a5 10. 0-0 a4 11. Qc2 Na5 12. Bf4 Nd5 13. Bd2 Nb3 14. Rae1 b5 15. Nc5 Nxd2 16. Qxd2 Bg5 17. f4 Be7 18. Nxd7 Qxd7 19. f5 0-0 20. Qe2 Qd6 21. Ne4 Nf4 22. Qd2 Nxd3 23. Nxd6 Nxe1 24. Ne4 exf5 25. Rxf5 Bh4 26. Rh5 g5 27. Nxg5 1-0

[Event "Stuttgart-chA"]
[Site "Stuttgart"]
[Date "2003.??.??"]
[Round "?"]
[White "Hoefer, Daniel"]
[Black "Hartlieb, Juergen"]
[Result "1/2-1/2"]
[WhiteElo "2130"]
[BlackElo "1925"]
[PlyCount "48"]
[EventDate "2003.??.??"]
[EventType "swiss"]
[EventRounds "9"]
[EventCountry "GER"]
[SourceTitle "EXT 2007"]
[Source "ChessBase"]
[SourceDate "2006.11.23"]
[SourceVersion "1"]
[SourceVersionDate "2006.11.23"]
[SourceQuality "1"]

1. d4 d5 2. c4 Nc6 3. e3 e5 4. dxe5 d4 5. exd4 Qxd4 6. Nf3 Qxd1+ 7. Kxd1 Bg4 8. Bf4 0-0-0+ 9. Nbd2 Bc5 10. Ke1 Nge7 11. Be3 Bxe3 12. fxe3 Ng6 13. e6 f6 14. Be2 Bxe6 15. Rc1 Rhe8 16. Rc3 Bf7 17. Kf2 Nge5 18. h3 Bg6 19. Nb3 Nb4 20. Nc1 Nbd3+ 21. Nxd3 Nxd3+ 22. Bxd3 Rxd3 23. Rxd3 Bxd3 24. Rc1 c5 1/2-1/2